Mevleviname : (Record no. 40305)
| 000 -BAŞLIK | |
|---|---|
| Sabit Uzunluktaki Kontrol Alanı | 01409nam a22004217a 4500 |
| 001 - KONTROL NUMARASI | |
| Control Dosyası | 0040428 |
| 003 - KONTROL NUMARASI KİMLİĞİ | |
| Kontrol Alanı | KOHA_MİRAKIL |
| 005 - EN SON İŞLEM TARİHİ ve ZAMANI | |
| Kontrol Alanı | 20260207003201.0 |
| 007 - FİZİKSEL TANIM SABİT ALAN - GENEL BİLGİ | |
| Sabit uzunluklu kontrol alanı | ta |
| 008 - SABİT UZUNLUKTAKİ VERİ ÖGELERİ - GENEL BİLGİ | |
| Sabit Alan | 130717b2012 tu |||gr||||#||||0|tur | |
| 020 ## - ISBN - ULUSLARARASI STANDART KİTAP NUMARASI | |
| Isbn | 9786053599623 |
| 040 ## - KATALOGLAMA KAYNAĞI | |
| Özgün Kataloglama Kurumu | TR-BiSEU |
| Kataloglama Dili | tur |
| Çeviri Kurumu | TR-BiSEU |
| Açıklama Kuralları | rda |
| 041 0# - DİL KODU | |
| Metin ya da ses kaydının dil kodu | tur |
| 044 ## - YAYINLAYAN/ÜRETEN KURULUŞUN ÜLKE KODU | |
| ISO country code | tu |
| 050 ## - SINIFLAMA ve YER NUMARASI | |
| Sınıflama Numarası | BP189.7.M4 |
| Yer Numarası | D87 2012 |
| 100 1# - KİŞİ ADI | |
| Yazar Adı (Kişi adı) | Duru, Rıza. |
| 245 1# - ESER ADI BİLDİRİMİ | |
| Başlık | Mevleviname : |
| Alt Eseradı vb. | Çeviri metinler ve resimlerle batılı seyahatnamelerinde Mevlevilik/ |
| Sorumluluk Bildirimi | Rıza Duru ; Rıza Duru. |
| 264 #1 - ÜRERİM, YAYIN, DAĞITIM ve TELİF BİLDİRİMİ | |
| Yayın yeri | Konya : |
| Yayınlayan | Konya Valiliği |
| Yayın tarihi | 2012 |
| 300 ## - FİZİKSEL TANIMLAMA | |
| Sayfa, Cilt vb. | 1001 sayfa: resimli; 22 cm. |
| 336 ## - İÇERİK TÜRÜ | |
| Content type term | metin |
| Content type code | txt |
| Source | rdacontent |
| 337 ## - MEDYA TÜRÜ | |
| Media type term | aracısız |
| Media type code | n |
| Source | rdamedia |
| 338 ## - TAŞIYICI TÜRÜ | |
| Carrier type term | cilt |
| Carrier type code | nc |
| Source | rdacarrier |
| 490 1# - DİZİ BİLDİRİMİ | |
| Dizi Bildirimi | T.C. |
| 490 1# - DİZİ BİLDİRİMİ | |
| Dizi Bildirimi | Konya Valiliği İl Kültür ve Turizm Müdürlüğü yayınları ;yayın no. |
| 490 1# - DİZİ BİLDİRİMİ | |
| Dizi Bildirimi | 221. |
| 490 1# - DİZİ BİLDİRİMİ | |
| Dizi Bildirimi | |
| 500 ## - GENEL NOT | |
| Genel Not | Kaynakça ve dizin var. |
| 500 ## - GENEL NOT | |
| Genel Not | Necip Fazıl Duru'nun Mevlana ve Mevlevilik bilgisi başlıklı bölümüyle |
| 650 #0 - KONU BAŞLIĞI EK GİRİŞ - KONU TERİMİ | |
| Konusal terim veya coğrafi ad | Celaleddin Rumi, Mevlana,1207-1273. |
| 9 (RLIN) | 74901 |
| 650 #0 - KONU BAŞLIĞI EK GİRİŞ - KONU TERİMİ | |
| Konusal terim veya coğrafi ad | Jalāl al-Dīn Rūmī, Maulana,1207-1273. |
| 9 (RLIN) | 74902 |
| 650 #0 - KONU BAŞLIĞI EK GİRİŞ - KONU TERİMİ | |
| Konusal terim veya coğrafi ad | Mevleviyeh. |
| 9 (RLIN) | 12360 |
| 650 #0 - KONU BAŞLIĞI EK GİRİŞ - KONU TERİMİ | |
| Konusal terim veya coğrafi ad | Mevleviyeh. |
| 9 (RLIN) | 12360 |
| 830 1# - SERİ EK GİRİŞİ - TEKBİÇİM ESER ADI | |
| Tekbiçim Başlık | T.C. |
| 9 (RLIN) | 6297 |
| 830 1# - SERİ EK GİRİŞİ - TEKBİÇİM ESER ADI | |
| Tekbiçim Başlık | Konya Valiliği İl Kültür ve Turizm Müdürlüğü yayınları ;yayın no. |
| 9 (RLIN) | 74903 |
| 830 1# - SERİ EK GİRİŞİ - TEKBİÇİM ESER ADI | |
| Tekbiçim Başlık | 221. |
| 9 (RLIN) | 19735 |
| 830 1# - SERİ EK GİRİŞİ - TEKBİÇİM ESER ADI | |
| Tekbiçim Başlık | |
| 9 (RLIN) | 1620 |
| 942 ## - EK GİRİŞ ÖGELERİ (KOHA) | |
| Source of classification or shelving scheme | Library of Congress Classification |
| Koha item type | Book |
| Materyal Türü | Kalıcı Konum | Mevcut Konum | Raf Yeri | Sınıflandırma Kaynağı | Edinim Bilgisi | Ana Konular | Alt Konular | Yer Numarası | Demirbaş Numarası | Fatura Tarihi | Geri Çekilme Durumu | Kayıp Durumu | Hasarlı Durumu | Kredi için değil | Kayıt Tarih | Toplam Ödünçverme | Son Görülme Tarihi | Son Kontrol Tarihi | Genel / Bağış Notu |
|---|---|---|---|---|---|---|---|---|---|---|---|---|---|---|---|---|---|---|---|
| Book | Prof. Dr. Azmi Özcan Kütüphanesi | Prof. Dr. Azmi Özcan Kütüphanesi | Uluğbey Salonu | Library of Congress Classification | Bağış | FELSEFE, PSİKOLOJİ, DİN | İslam, Bahailik, Teozofi vb. | BP189.7.M4 D87 2012 | 0040428 | 02/02/2026 | 17/07/2013 | 05/12/2024 | 05/12/2024 | Genel Bağış |
